[Event "TOP 16 A group"]
[Site "BELFORT"]
[Date "????.??.??"]
[Round "3.9"]
[White "Karthikeyan, Murali"]
[Black "Dardha, Daniel"]
[Result "1-0"]
[WhiteElo "2658"]
[BlackElo "2651"]
[PlyCount "59"]
[EventDate "2025.07.??"]
[WhiteTeam "CANNES"]
[BlackTeam "CHARTRES"]
[WhiteTeamCountry "FRA"]
[BlackTeamCountry "FRA"]

1. e4 e5 2. Nf3 Nc6 3. Bc4 Bc5 4. b4 Bxb4 5. c3 Be7 6. d4 Na5 7. Bd3 d6 8. dxe5
dxe5 9. Nxe5 Nf6 10. O-O O-O 11. Qc2 Bd6 12. Nf3 Nc6 13. Nbd2 Bg4 14. h3 Be6
15. Nd4 Bd7 16. f4 Bc5 17. N2b3 Bb6 18. Kh2 Be6 19. Nxc6 Bxb3 20. axb3 bxc6 21.
e5 Ng4+ 22. Kg3 Ne3 23. Bxe3 Bxe3 24. Rae1 Bb6 25. Bxh7+ Kh8 26. Bd3 Qe7 27.
Qe2 Kg8 28. Qh5 g6 29. Qh6 Rfd8 30. Bc4 1-0

[Event "TOP 16 A group"]
[Site "BELFORT"]
[Date "????.??.??"]
[Round "3.10"]
[White "Maurizzi, Marc`Andria"]
[Black "Adhiban, B."]
[Result "1-0"]
[WhiteElo "2607"]
[BlackElo "2518"]
[PlyCount "155"]
[EventDate "2025.07.??"]
[WhiteTeam "CHARTRES"]
[BlackTeam "CANNES"]
[WhiteTeamCountry "FRA"]
[BlackTeamCountry "FRA"]

1. e4 c5 2. Nf3 Nc6 3. Bc4 d6 4. d4 cxd4 5. Nxd4 Nf6 6. Nc3 Qb6 7. Nb3 e6 8.
Be3 Qc7 9. f4 a6 10. Bd3 b5 11. a3 Bb7 12. O-O Be7 13. Qf3 h5 14. h3 Rc8 15.
Qf2 h4 16. Rad1 Nh5 17. Ne2 Bf6 18. c3 e5 19. Bc2 O-O 20. f5 Ne7 21. Qf3 g6 22.
Qg4 Kg7 23. fxg6 fxg6 24. Bg5 Rf7 25. Bxh4 Rcf8 26. Ng3 Nxg3 27. Bxf6+ Rxf6 28.
Rxf6 Rxf6 29. Qxg3 d5 30. Nd2 Rf4 31. exd5 Bxd5 32. Qe3 Nf5 33. Bxf5 Rxf5 34.
Nf1 Bb7 35. Ng3 Rf4 36. Re1 Kf6 37. Re2 a5 38. Kh2 a4 39. Qa7 Kg7 40. Qe3 Kf6
41. Nh1 Re4 42. Qf3+ Rf4 43. Qe3 Re4 44. Qf2+ Kg7 45. Rd2 Rf4 46. Qg3 e4 47.
Rf2 Rf7 48. Rxf7+ Qxf7 49. Qe5+ Kf8 50. Ng3 Qd5 51. Qb8+ Ke7 52. Qa7 Qc6 53.
Nf1 Qa6 54. Qxa6 Bxa6 55. Ne3 Kf6 56. Kg3 g5 57. h4 gxh4+ 58. Kxh4 Ke5 59. Kg3
Bc8 60. Kf2 Be6 61. Nf1 Bc4 62. Nd2 Bd3 63. Ke3 Kf5 64. g3 Bc2 65. c4 bxc4 66.
Nxc4 Bd3 67. g4+ Kg5 68. Nd2 Kxg4 69. Nxe4 Bb5 70. Kd4 Kf4 71. Nc3 Be8 72. Kc4
Ke5 73. Kb4 Kd6 74. Nxa4 Kc6 75. Nc3 Bf7 76. Ka5 Be8 77. b4 Bd7 78. a4 1-0

[Event "TOP 16 A group"]
[Site "BELFORT"]
[Date "????.??.??"]
[Round "3.11"]
[White "Pranesh M"]
[Black "Fressinet, Laurent"]
[Result "1-0"]
[WhiteElo "2576"]
[BlackElo "2593"]
[PlyCount "124"]
[EventDate "2025.07.??"]
[WhiteTeam "CANNES"]
[BlackTeam "CHARTRES"]
[WhiteTeamCountry "FRA"]
[BlackTeamCountry "FRA"]

1. e4 e5 2. Nf3 Nc6 3. Bb5 a6 4. Ba4 Nf6 5. O-O Be7 6. Re1 b5 7. Bb3 O-O 8. h3
Bb7 9. d3 d5 10. exd5 Nxd5 11. Nbd2 Nd4 12. Nxd4 exd4 13. Qf3 Rb8 14. Ne4 c5
15. a4 Nf6 16. axb5 Nxe4 17. bxa6 Nd2 18. Qe2 Nxb3 19. cxb3 Ra8 20. Qxe7 Rxa6
21. Rxa6 Qxe7 22. Rxe7 Bxa6 23. b4 cxb4 24. Rd7 Rc8 25. Bd2 h6 26. Rxd4 Rc2 27.
Bxb4 Rxb2 28. Bc5 Rd2 29. Rd8+ Kh7 30. d4 Bc4 31. Bb4 Rb2 32. Bc3 Rc2 33. Ba5
Rb2 34. Rc8 Rc2 35. Rc5 Bb3 36. Rb5 Bc4 37. Rb1 Ba2 38. Rb8 Be6 39. Rd8 Rc8 40.
Rd6 Rb8 41. Bd2 Rb5 42. Be3 Rb1+ 43. Kh2 Rb5 44. Kg3 g5 45. f4 Kg7 46. Kf2 Kf6
47. Rc6 Ke7 48. Rc2 Kd7 49. fxg5 hxg5 50. Bc1 f6 51. Rc3 Bd5 52. Rc5 Rxc5 53.
dxc5 Ke6 54. g3 Kf5 55. Bb2 Kg6 56. h4 gxh4 57. gxh4 f5 58. Kg3 Kh5 59. Bc1 Kg6
60. Bd2 Kh5 61. Be1 Bc6 62. Kf4 Be8 1-0

[Event "TOP 16 A group"]
[Site "BELFORT"]
[Date "????.??.??"]
[Round "3.12"]
[White "Mamedov, Rauf"]
[Black "Di Nicolantonio, Lucas"]
[Result "1-0"]
[WhiteElo "2657"]
[BlackElo "2413"]
[PlyCount "99"]
[EventDate "2025.07.??"]
[WhiteTeam "CHARTRES"]
[BlackTeam "CANNES"]
[WhiteTeamCountry "FRA"]
[BlackTeamCountry "FRA"]

1. e4 e6 2. d4 d5 3. e5 c5 4. c3 Nc6 5. Nf3 Nge7 6. Na3 Bd7 7. Nc2 Qa5 8. Bd2
Qb6 9. Bd3 c4 10. Be2 f6 11. exf6 gxf6 12. b3 cxb3 13. axb3 Bg7 14. h4 h5 15.
c4 Nf5 16. Bd3 Nce7 17. O-O O-O 18. Ba5 Qc6 19. Re1 Rf7 20. Bb4 Bh6 21. Nh2
dxc4 22. bxc4 Rg7 23. Nf3 Kh8 24. d5 Qc7 25. Bf1 Qf4 26. Bd2 Qg4 27. Bxh6 Nxh6
28. Ne3 Qf4 29. dxe6 Bxe6 30. Nd5 Nxd5 31. Rxe6 Nb4 32. Qd2 Qxd2 33. Nxd2 Ng8
34. Ne4 Nc6 35. Rd6 Rf7 36. f3 a5 37. c5 Ne5 38. Rb6 Rc7 39. Bb5 Kg7 40. Nd6
Rxc5 41. Rxb7+ Kh6 42. f4 Nc6 43. Ne4 Rxb5 44. Rxb5 Nd4 45. Rbxa5 Ne2+ 46. Kf2
Rxa5 47. Rxa5 Nxf4 48. Ra8 Kg7 49. Ng3 Ne7 50. Kf3 1-0

[Event "TOP 16 A group"]
[Site "BELFORT"]
[Date "????.??.??"]
[Round "3.13"]
[White "Lamard, Guillaume"]
[Black "Kamsky, Gata"]
[Result "1/2-1/2"]
[WhiteElo "2500"]
[BlackElo "2606"]
[PlyCount "57"]
[EventDate "2025.07.??"]
[WhiteTeam "CANNES"]
[BlackTeam "CHARTRES"]
[WhiteTeamCountry "FRA"]
[BlackTeamCountry "FRA"]

1. e4 e5 2. Nf3 Nc6 3. Bc4 Nf6 4. d3 Be7 5. O-O O-O 6. Nc3 d6 7. a4 a5 8. Re1
h6 9. h3 Re8 10. Nd5 Bf8 11. c3 Nxd5 12. Bxd5 Ne7 13. Bc4 Ng6 14. d4 Be6 15.
Bxe6 Rxe6 16. Qb3 b6 17. dxe5 dxe5 18. Be3 Rf6 19. Rad1 Qc8 20. Kh2 Rb8 21. Rd2
Bd6 22. Qd1 Qe8 23. Rd5 Ne7 24. Rb5 Nc8 25. Rd5 Ne7 26. Rd2 Ng6 27. Rd5 Ne7 28.
Rb5 Nc8 29. Rd5 1/2-1/2

[Event "TOP 16 A group"]
[Site "BELFORT"]
[Date "????.??.??"]
[Round "3.14"]
[White "Lagarde, Maxime"]
[Black "Pile, Richard"]
[Result "1-0"]
[WhiteElo "2622"]
[BlackElo "2432"]
[PlyCount "69"]
[EventDate "2025.07.??"]
[WhiteTeam "CHARTRES"]
[BlackTeam "CANNES"]
[WhiteTeamCountry "FRA"]
[BlackTeamCountry "FRA"]

1. e4 c5 2. Nf3 Nc6 3. Bb5 e6 4. Bxc6 bxc6 5. b3 Ne7 6. Bb2 Ng6 7. h4 h5 8. d3
f6 9. e5 Be7 10. Qe2 d6 11. g3 dxe5 12. Nbd2 Bd6 13. O-O-O Ne7 14. Rdg1 Nf5 15.
g4 hxg4 16. Rxg4 Qc7 17. Rhg1 Ba6 18. Nc4 Bxc4 19. Rxc4 Rb8 20. Rcg4 Rb7 21.
Nd2 Qd7 22. Ne4 Bf8 23. f4 Nd4 24. Bxd4 cxd4 25. Rg6 f5 26. Ng5 Rh6 27. Nxe6
Rxg6 28. Rxg6 Qd5 29. Nxf8 Kxf8 30. fxe5 Re7 31. e6 Qh1+ 32. Kb2 Qxh4 33. Qe5
Kg8 34. Rg2 Qh6 35. Qb8+ 1-0

[Event "TOP 16 A group"]
[Site "BELFORT"]
[Date "????.??.??"]
[Round "3.15"]
[White "Defromont, Benjamin"]
[Black "Bauer, Christian"]
[Result "0-1"]
[WhiteElo "2388"]
[BlackElo "2561"]
[PlyCount "78"]
[EventDate "2025.07.??"]
[WhiteTeam "CANNES"]
[BlackTeam "CHARTRES"]
[WhiteTeamCountry "FRA"]
[BlackTeamCountry "FRA"]

1. e4 c6 2. Nf3 d5 3. Nc3 dxe4 4. Nxe4 Nf6 5. Qe2 Na6 6. d3 Nxe4 7. dxe4 g6 8.
g3 Bg7 9. Bg2 Qa5+ 10. Bd2 Qb6 11. O-O Qxb2 12. c3 O-O 13. Rfb1 Qa3 14. e5 Qc5
15. Rb3 Qa5 16. c4 Qc7 17. Bf4 Nc5 18. Ra3 Ne6 19. Be3 c5 20. Rd1 Bd7 21. Rad3
Ba4 22. R1d2 Rad8 23. Ng5 Rxd3 24. Rxd3 Qxe5 25. Nxe6 Qxe6 26. Ra3 Bc6 27. Rxa7
Rd8 28. h4 h5 29. Kh2 Bf6 30. Bd5 Bxd5 31. cxd5 Qb6 32. Ra4 Rxd5 33. Ra8+ Kg7
34. Rc8 Qe6 35. Rc7 b6 36. a4 Bxh4 37. Qb5 Bxg3+ 38. Kxg3 Qd6+ 39. Bf4 e5 0-1

[Event "TOP 16 A group"]
[Site "BELFORT"]
[Date "????.??.??"]
[Round "3.16"]
[White "Daulyte-Cornette, Deimante"]
[Black "Bensdorp-De Labaca, Marlies"]
[Result "1-0"]
[WhiteElo "2396"]
[BlackElo "2208"]
[PlyCount "97"]
[EventDate "2025.07.??"]
[WhiteTeam "CHARTRES"]
[BlackTeam "CANNES"]
[WhiteTeamCountry "FRA"]
[BlackTeamCountry "FRA"]

1. e4 e6 2. d4 d5 3. exd5 exd5 4. Nf3 Nf6 5. Bd3 Bd6 6. O-O O-O 7. Bg5 Bg4 8.
Nbd2 Nbd7 9. c4 dxc4 10. Nxc4 Be7 11. Ne3 Be6 12. d5 Nxd5 13. Nxd5 Bxg5 14.
Nxc7 Qxc7 15. Nxg5 Nf6 16. Nxe6 fxe6 17. Qb3 Qb6 18. Qxb6 axb6 19. Rfe1 Kf7 20.
Bc4 Rfe8 21. f4 g6 22. Rad1 Rac8 23. b3 Nd5 24. Bxd5 exd5 25. Rxe8 Kxe8 26.
Rxd5 Rc1+ 27. Kf2 Rc2+ 28. Kf3 Rxa2 29. Rb5 Ra6 30. g4 Ke7 31. h4 Kf6 32. Ke4
Ke6 33. h5 Kf7 34. hxg6+ hxg6 35. f5 gxf5+ 36. gxf5 Kf6 37. Kf4 Kf7 38. Kg5 Kg7
39. Rd5 Ra5 40. Rd7+ Kf8 41. Kf6 Ke8 42. Rxb7 Rb5 43. Ke6 Kd8 44. Rd7+ Kc8 45.
Rd3 Rb4 46. f6 Re4+ 47. Kf5 Re1 48. Rd4 Re4 49. Kxe4 1-0

[Event "TOP 16 A group"]
[Site "BELFORT"]
[Date "????.??.??"]
[Round "3.17"]
[White "Ganguly, Surya Shekhar"]
[Black "Eugene, Floryan"]
[Result "0-1"]
[WhiteElo "2569"]
[BlackElo "2469"]
[PlyCount "54"]
[EventDate "2025.07.??"]
[WhiteTeam "METZ"]
[BlackTeam "LE MANS"]
[WhiteTeamCountry "FRA"]
[BlackTeamCountry "FRA"]

1. e4 e6 2. d4 d5 3. e5 c5 4. c3 Nc6 5. Nf3 Bd7 6. Be2 Nge7 7. O-O cxd4 8. cxd4
Nf5 9. Nc3 Rc8 10. Bg5 Qb6 11. Na4 Qa5 12. Rc1 h6 13. Bd2 Qd8 14. Bc3 b6 15. h3
Be7 16. b3 O-O 17. Qd2 f6 18. exf6 Bxf6 19. Rfe1 Nh4 20. Rcd1 Ne7 21. Nh2 Bg5
22. Qd3 Qc7 23. g3 Bb5 24. Qxb5 Be3 25. Kh1 Rxf2 26. Rg1 Nef5 27. Nf1 Rxf1 0-1

[Event "TOP 16 A group"]
[Site "BELFORT"]
[Date "????.??.??"]
[Round "3.18"]
[White "Harutyunyan, Safar"]
[Black "Chigaev, Maksim"]
[Result "0-1"]
[WhiteElo "2258"]
[BlackElo "2635"]
[PlyCount "118"]
[EventDate "2025.07.??"]
[WhiteTeam "LE MANS"]
[BlackTeam "METZ"]
[WhiteTeamCountry "FRA"]
[BlackTeamCountry "FRA"]

1. e4 c5 2. Nf3 Nc6 3. Bc4 e6 4. O-O a6 5. Re1 b5 6. Bf1 Bb7 7. d4 cxd4 8. Nxd4
Nxd4 9. Qxd4 Ne7 10. a4 Nc6 11. Qd1 b4 12. Nd2 Ne5 13. Nc4 Nxc4 14. Bxc4 Qc7
15. Qd3 Bd6 16. h3 O-O 17. Be3 Rfd8 18. Rad1 Bh2+ 19. Kh1 Be5 20. Bd4 a5 21.
Bb3 h6 22. Qe3 Ra6 23. Bxe5 Qxe5 24. Qd4 Qxd4 25. Rxd4 Kf8 26. Red1 Ke7 27. f3
Rc6 28. Rc4 Rxc4 29. Bxc4 Rc8 30. Bb5 d5 31. exd5 Bxd5 32. Rd2 g5 33. Kg1 h5
34. Kf2 Kf6 35. Ke3 Ke5 36. Re2 h4 37. Kf2+ Kf4 38. Rd2 Rc5 39. Rd4+ Ke5 40.
Rd2 f5 41. Ke3 Bc4 42. Bxc4 Rxc4 43. Kd3 Rd4+ 44. Ke2 Rxd2+ 45. Kxd2 Kd4 46.
Ke2 e5 47. Kd2 e4 48. fxe4 Kxe4 49. Ke2 g4 50. Kf2 g3+ 51. Ke2 f4 52. c3 b3 53.
Kf1 Ke3 54. Kg1 f3 55. gxf3 Kxf3 56. Kf1 g2+ 57. Kg1 Kg3 58. c4 Kxh3 59. c5 Kg3
0-1

[Event "TOP 16 A group"]
[Site "BELFORT"]
[Date "????.??.??"]
[Round "3.19"]
[White "Postny, Evgeny"]
[Black "Gao, Etienne"]
[Result "1-0"]
[WhiteElo "2525"]
[BlackElo "2240"]
[PlyCount "51"]
[EventDate "2025.07.??"]
[WhiteTeam "METZ"]
[BlackTeam "LE MANS"]
[WhiteTeamCountry "FRA"]
[BlackTeamCountry "FRA"]

1. Nf3 Nf6 2. c4 g6 3. Nc3 d5 4. cxd5 Nxd5 5. h4 Bg7 6. h5 O-O 7. e4 Nxc3 8.
dxc3 Qxd1+ 9. Kxd1 b6 10. Be3 Bb7 11. Nd2 Nd7 12. f3 Rfd8 13. Kc2 e6 14. a4 a6
15. Be2 c5 16. Nc4 Bc6 17. hxg6 hxg6 18. Rhd1 Rab8 19. Bf4 e5 20. Bg5 f6 21.
Be3 Bf8 22. Nd6 Ra8 23. Bc4+ Kg7 24. Rh1 Bxd6 25. Bh6+ Kh7 26. Bf8# 1-0

[Event "TOP 16 A group"]
[Site "BELFORT"]
[Date "????.??.??"]
[Round "3.20"]
[White "Blot, Jerome"]
[Black "Travadon, Loic"]
[Result "0-1"]
[WhiteElo "2336"]
[BlackElo "2447"]
[PlyCount "64"]
[EventDate "2025.07.??"]
[WhiteTeam "LE MANS"]
[BlackTeam "METZ"]
[WhiteTeamCountry "FRA"]
[BlackTeamCountry "FRA"]

1. Nf3 d5 2. g3 b6 3. Bg2 Bb7 4. O-O e6 5. d4 Nf6 6. Ne5 Be7 7. c4 O-O 8. Nc3
c6 9. b3 Nbd7 10. f4 c5 11. e3 cxd4 12. exd4 Rc8 13. Bb2 Ba6 14. Nb5 Bxb5 15.
cxb5 Nxe5 16. fxe5 Ne4 17. Qd3 Qd7 18. a4 Bb4 19. Bxe4 dxe4 20. Qxe4 Bc3 21.
Rf2 Bxb2 22. Rxb2 Rfd8 23. Rd1 Rc5 24. Kf2 Rd5 25. Ke3 Qe7 26. Rc2 Qb4 27. Rd3
Qe1+ 28. Kf3 Qh1+ 29. Ke3 Qg1+ 30. Kf3 Qf1+ 31. Kg4 f5+ 32. exf6 h5+ 0-1

[Event "TOP 16 A group"]
[Site "BELFORT"]
[Date "????.??.??"]
[Round "3.21"]
[White "Bailet, Pierre"]
[Black "Heurtebize, Olivier"]
[Result "1-0"]
[WhiteElo "2472"]
[BlackElo "2250"]
[PlyCount "41"]
[EventDate "2025.07.??"]
[WhiteTeam "METZ"]
[BlackTeam "LE MANS"]
[WhiteTeamCountry "FRA"]
[BlackTeamCountry "FRA"]

1. e4 c5 2. Nf3 e6 3. c3 Nf6 4. e5 Nd5 5. d4 cxd4 6. cxd4 b6 7. Nc3 Nxc3 8.
bxc3 Qc7 9. Bb5 a6 10. Ba4 Bb7 11. O-O Qxc3 12. Be3 b5 13. Bc2 Qc8 14. Ng5 g6
15. Be4 d5 16. exd6 Bxe4 17. Nxe4 Nd7 18. Rc1 Qd8 19. Bg5 Qb6 20. Qf3 Rb8 21.
Nf6+ 1-0

[Event "TOP 16 A group"]
[Site "BELFORT"]
[Date "????.??.??"]
[Round "3.22"]
[White "Gely, Yann"]
[Black "Barseghyan, Harutyun"]
[Result "1/2-1/2"]
[WhiteElo "2134"]
[BlackElo "2450"]
[PlyCount "50"]
[EventDate "2025.07.??"]
[WhiteTeam "LE MANS"]
[BlackTeam "METZ"]
[WhiteTeamCountry "FRA"]
[BlackTeamCountry "FRA"]

1. e4 c6 2. d4 d5 3. e5 Bf5 4. Ne2 e6 5. Ng3 Bg6 6. h4 h5 7. Bd3 Bxd3 8. cxd3
g6 9. Nd2 Bb4 10. a3 Bxd2+ 11. Bxd2 Qb6 12. Bc3 Nd7 13. O-O Qd8 14. Qb3 Qxh4
15. Qxb7 Rb8 16. Qxc6 Nh6 17. Rfc1 O-O 18. Qxd7 Ng4 19. f3 Qxg3 20. fxg4 Qe3+
21. Kh1 hxg4 22. Qe7 Qh6+ 23. Kg1 Qe3+ 24. Kh1 Qh6+ 25. Kg1 Qe3+ 1/2-1/2

[Event "TOP 16 A group"]
[Site "BELFORT"]
[Date "????.??.??"]
[Round "3.23"]
[White "Pucher, Sebastien"]
[Black "Brunelliere, Pierre"]
[Result "1-0"]
[WhiteElo "2190"]
[BlackElo "2218"]
[PlyCount "141"]
[EventDate "2025.07.??"]
[WhiteTeam "METZ"]
[BlackTeam "LE MANS"]
[WhiteTeamCountry "FRA"]
[BlackTeamCountry "FRA"]

1. c4 e5 2. g3 d6 3. Bg2 f5 4. Nc3 Nf6 5. e3 Be7 6. Nge2 O-O 7. O-O Qe8 8. d3
a5 9. Rb1 Qh5 10. b3 f4 11. exf4 Bh3 12. f3 Bxg2 13. Kxg2 Nc6 14. a3 Rae8 15.
Ne4 Nd7 16. b4 axb4 17. axb4 Qf7 18. b5 Nd8 19. N2c3 c6 20. bxc6 bxc6 21. fxe5
Nxe5 22. f4 Nd7 23. Ba3 Qg6 24. f5 Rxf5 25. Rxf5 Qxf5 26. Bxd6 Bf6 27. Qf3 Qa5
28. Bb4 Qa8 29. Rf1 Ne6 30. Nxf6+ Nxf6 31. Ne4 Nd4 32. Nxf6+ gxf6 33. Qg4+ Kf7
34. Qd7+ Kg6 35. Qg4+ Kf7 36. Bc3 c5+ 37. Kh3 Re5 38. Bxd4 cxd4 39. Rf5 Qh1 40.
Rxe5 Qf1+ 41. Kh4 fxe5 42. Qd7+ Kf6 43. Qxh7 Qe2 44. h3 e4 45. c5 exd3 46. c6
Qe7 47. Qxd3 Ke5+ 48. Kg4 Qe6+ 49. Kf3 Qxc6+ 50. Kf2 Qh1 51. Qe2+ Kd6 52. h4
Qd5 53. Qd3 Qf7+ 54. Ke2 Kc5 55. Qc2+ Kd6 56. Qd2 Kc5 57. Qa5+ Kc6 58. Qa8+ Kd6
59. Qb8+ Kc6 60. Kd3 Qf5+ 61. Kxd4 Qf2+ 62. Ke4 Qg2+ 63. Kf5 Qd5+ 64. Qe5 Qf3+
65. Kg5 Qg2 66. g4 Kd7 67. h5 Qd2+ 68. Kg6 Qa2 69. h6 Qa6+ 70. Kg7 Qc4 71. Qf5+
1-0

[Event "TOP 16 A group"]
[Site "BELFORT"]
[Date "????.??.??"]
[Round "3.24"]
[White "Budak, Lori"]
[Black "Andriasyan, Siranush"]
[Result "0-1"]
[WhiteElo "1908"]
[BlackElo "2192"]
[PlyCount "126"]
[EventDate "2025.07.??"]
[WhiteTeam "LE MANS"]
[BlackTeam "METZ"]
[WhiteTeamCountry "FRA"]
[BlackTeamCountry "FRA"]

1. e4 c5 2. Nc3 Nc6 3. g3 g6 4. Bg2 Bg7 5. d3 e6 6. Be3 d6 7. Qd2 Rb8 8. a4 a6
9. f4 Nge7 10. Nf3 O-O 11. O-O Nd4 12. Qf2 Nec6 13. g4 b5 14. axb5 axb5 15. e5
dxe5 16. Nxe5 Nxe5 17. fxe5 Bxe5 18. Bh6 Bg7 19. Bxg7 Kxg7 20. Ra7 Bd7 21. Ne4
Nc6 22. Raa1 Be8 23. Nxc5 Qd4 24. Bxc6 Qxf2+ 25. Rxf2 Bxc6 26. Ra7 Kg8 27. b4
Ra8 28. Ra5 Rad8 29. c3 h5 30. g5 h4 31. Rf4 Rd5 32. Rxh4 Rxg5+ 33. Kf2 Rg2+
34. Ke3 g5 35. Rd4 Rxh2 36. Rd6 Rc8 37. Ra6 Bd5 38. Rdb6 Rh3+ 39. Kd2 g4 40.
Ra1 Bf3 41. Re1 Ra8 42. Ra6 Rxa6 43. Nxa6 Rh2+ 44. Ke3 f5 45. Kf4 Re2 46. Rxe2
Bxe2 47. d4 Kf7 48. Nb8 Ke7 49. Nc6+ Kd6 50. Ne5 Kd5 51. Ke3 Bf1 52. Kf4 Bg2
53. Ke3 Bh1 54. Kf4 Be4 55. Kg3 Bc2 56. Kf4 Bd1 57. Nd3 Kc4 58. Nc5 Kxc3 59.
Nxe6 Kxb4 60. Kxf5 g3 61. Nf4 Bf3 62. Nd3+ Kc3 63. Ne5 Bd5 0-1

[Event "TOP 16 A group"]
[Site "BELFORT"]
[Date "????.??.??"]
[Round "3.25"]
[White "Bassini, Emile"]
[Black "Fedorchuk, Sergey A"]
[Result "1/2-1/2"]
[WhiteElo "2391"]
[BlackElo "2565"]
[PlyCount "158"]
[EventDate "2025.07.??"]
[WhiteTeam "BOIS COLOMBES"]
[BlackTeam "LYON"]
[WhiteTeamCountry "FRA"]
[BlackTeamCountry "FRA"]

1. e4 c5 2. Nf3 d6 3. d4 cxd4 4. Nxd4 Nf6 5. Nc3 a6 6. Rg1 Nc6 7. g4 h6 8. h4
Nxd4 9. Qxd4 Nxg4 10. Nd5 Bd7 11. Be2 h5 12. f3 Nf6 13. Nb6 e5 14. Qf2 Rb8 15.
Be3 Be6 16. O-O-O Qc7 17. Kb1 Qc6 18. Rd3 Nd7 19. Nd5 Nc5 20. Rc3 Bxd5 21. exd5
Qd7 22. Qh2 Na4 23. Rc4 Rc8 24. Rxc8+ Qxc8 25. f4 Qf5 26. Rg5 Qe4 27. Bc1 Be7
28. Rxg7 Bf6 29. Rg3 exf4 30. Bxf4 Be5 31. Bxe5 Qxe5 32. c3 Kd8 33. Qf2 Re8 34.
Bd1 Nc5 35. Rg1 Qxd5 36. Bc2 Re5 37. Rd1 Qe6 38. b4 Nd7 39. Qd4 Kc7 40. Bb3
Qg6+ 41. Bc2 Qf6 42. Qc4+ Kb8 43. Bb3 d5 44. Qd4 Nb6 45. Rg1 Qe6 46. Kb2 Re4
47. Qc5 Qc6 48. Rg8+ Ka7 49. Qxc6 bxc6 50. Rg7 Nc4+ 51. Bxc4 Rxc4 52. Rxf7+ Kb6
53. Rf8 Rxh4 54. Rb8+ Kc7 55. Ra8 Rh2+ 56. Kb3 Rh1 57. Kb2 h4 58. Rxa6 Kb7 59.
b5 cxb5 60. Rd6 Rd1 61. Rh6 Rd2+ 62. Kb3 Rh2 63. Rd6 Rh1 64. Rxd5 Kc6 65. Rh5
h3 66. Kb2 Kb6 67. a3 Kc6 68. Ka2 Kd6 69. Rxb5 Rc1 70. Rh5 Rxc3 71. Kb2 Rg3 72.
a4 Rg2+ 73. Kc3 h2 74. Kd3 Rg3+ 75. Ke2 Ra3 76. Kf2 Rxa4 77. Rxh2 Ra2+ 78. Kg3
Rxh2 79. Kxh2 Ke5 1/2-1/2

[Event "TOP 16 A group"]
[Site "BELFORT"]
[Date "????.??.??"]
[Round "3.26"]
[White "Rathanvel, V S."]
[Black "Dionisi, Thomas"]
[Result "1-0"]
[WhiteElo "2465"]
[BlackElo "2410"]
[PlyCount "75"]
[EventDate "2025.07.??"]
[WhiteTeam "LYON"]
[BlackTeam "BOIS COLOMBES"]
[WhiteTeamCountry "FRA"]
[BlackTeamCountry "FRA"]

1. e4 e5 2. Nf3 Nc6 3. Bb5 a6 4. Ba4 b5 5. Bb3 Na5 6. Nc3 d6 7. d4 exd4 8. Qxd4
Bb7 9. Bg5 Ne7 10. Nd5 Nxb3 11. axb3 f6 12. Bxf6 gxf6 13. Nxf6+ Kf7 14. Ng5+
Kg6 15. Ne6 Qc8 16. Nd5 Bxd5 17. exd5 Rg8 18. Qe4+ Kf7 19. Qf3+ Ke8 20. O-O Bg7
21. Qh5+ Kd7 22. Rae1 c6 23. Qxh7 Bf6 24. Qf7 Rxg2+ 25. Kxg2 Qg8+ 26. Qxg8
Rxg8+ 27. Kh1 Nxd5 28. c3 b4 29. c4 Ne7 30. Re2 Nf5 31. Rd1 Rh8 32. Rd3 Rh5 33.
Nc5+ Kc8 34. Ne4 Be5 35. Ng3 Rg5 36. f4 Bxf4 37. Nxf5 Rxf5 38. Rf2 1-0

[Event "TOP 16 A group"]
[Site "BELFORT"]
[Date "????.??.??"]
[Round "3.27"]
[White "Negre, Emilie"]
[Black "Mathieu, Phileas"]
[Result "1-0"]
[WhiteElo "2179"]
[BlackElo "2346"]
[PlyCount "101"]
[EventDate "2025.07.??"]
[WhiteTeam "BOIS COLOMBES"]
[BlackTeam "LYON"]
[WhiteTeamCountry "FRA"]
[BlackTeamCountry "FRA"]

1. d4 Nf6 2. c4 e6 3. Nc3 Bb4 4. e3 O-O 5. Nge2 Re8 6. a3 Bf8 7. Ng3 d5 8. cxd5
exd5 9. Bd3 b6 10. O-O Bb7 11. b3 Nbd7 12. Bb2 g6 13. Rc1 a6 14. b4 b5 15. Qc2
Nb6 16. Rfe1 h5 17. Nf1 Bg7 18. Nd2 Qd6 19. h3 Rad8 20. Nb3 Nc4 21. Nc5 Ba8 22.
a4 Rb8 23. Ra1 Nd7 24. axb5 axb5 25. Ra7 Nxc5 26. bxc5 Qc6 27. Rea1 b4 28. R1a6
Qd7 29. Ne2 Bc6 30. Nf4 Bb5 31. Ra1 Qc6 32. Rb1 Ra8 33. Rxc7 Qxc7 34. Nxd5 Qd7
35. Bxc4 Bxc4 36. Qxc4 Qe6 37. Rc1 b3 38. Nc7 Qxc4 39. Rxc4 Ra2 40. Nxe8 Rxb2
41. Rb4 Bf8 42. Rb8 Rb1+ 43. Kh2 b2 44. Nd6 Kg7 45. Nc4 Rc1 46. Nxb2 h4 47. g3
hxg3+ 48. Kxg3 Be7 49. Rb7 Kf6 50. Nd3 Rc3 51. Nf4 1-0

[Event "TOP 16 A group"]
[Site "BELFORT"]
[Date "????.??.??"]
[Round "3.28"]
[White "Lux, Hugo de Melo"]
[Black "Robert, Mathias"]
[Result "1-0"]
[WhiteElo "2315"]
[BlackElo "2265"]
[PlyCount "75"]
[EventDate "2025.07.??"]
[WhiteTeam "LYON"]
[BlackTeam "BOIS COLOMBES"]
[WhiteTeamCountry "FRA"]
[BlackTeamCountry "FRA"]

1. e4 c5 2. Nf3 Nc6 3. Bb5 e5 4. O-O Bd6 5. Nc3 Nf6 6. d3 h6 7. Be3 a6 8. Bxc6
dxc6 9. a4 a5 10. Nd2 b6 11. Ne2 Ng4 12. Nc4 Bc7 13. Bd2 Be6 14. Ng3 O-O 15. h3
Nf6 16. b3 b5 17. Ne3 c4 18. bxc4 bxc4 19. Nxc4 Bxc4 20. dxc4 Qd7 21. Qe2 Rfd8
22. Be3 Qe6 23. Rab1 Rab8 24. Rb3 c5 25. Bxc5 Qc6 26. Be7 Rdc8 27. Bxf6 Qxf6
28. Nf5 Rxb3 29. cxb3 Rb8 30. Qc2 Bb6 31. Rd1 Bc5 32. Rd5 Rc8 33. Qc3 g6 34.
Nxh6+ Kh7 35. Ng4 Qb6 36. Qxe5 Bf8 37. Nf6+ Kh6 38. Nd7 1-0

[Event "TOP 16 A group"]
[Site "BELFORT"]
[Date "????.??.??"]
[Round "3.29"]
[White "Samoun, Florent"]
[Black "Breuil, Tristan"]
[Result "1/2-1/2"]
[WhiteElo "2261"]
[BlackElo "2362"]
[PlyCount "88"]
[EventDate "2025.07.??"]
[WhiteTeam "BOIS COLOMBES"]
[BlackTeam "LYON"]
[WhiteTeamCountry "FRA"]
[BlackTeamCountry "FRA"]

1. e4 c5 2. Nc3 Nc6 3. Nf3 d6 4. Bc4 e6 5. O-O Nf6 6. Re1 Be7 7. d3 O-O 8. Bg5
Nd7 9. Bxe7 Qxe7 10. d4 cxd4 11. Nxd4 Nde5 12. Bf1 a6 13. Qd2 b5 14. Nxc6 Nxc6
15. Rad1 Rd8 16. Qe3 Bb7 17. a4 b4 18. Ne2 Rac8 19. Nf4 a5 20. Nd3 Qc7 21. Rd2
Ne7 22. Nf4 Qc5 23. Qxc5 Rxc5 24. f3 d5 25. exd5 Nxd5 26. Red1 Rdc8 27. Nxd5
Bxd5 28. Bd3 g6 29. Kf2 b3 30. c3 Bc6 31. Ba6 Rf8 32. Rd4 e5 33. Rc4 Rxc4 34.
Bxc4 Rb8 35. Re1 Re8 36. Bxb3 Rb8 37. Bc4 Rxb2+ 38. Kg3 e4 39. fxe4 Kg7 40. Bd5
Rc2 41. c4 Bxa4 42. Ra1 Bb3 43. Rxa5 Bxc4 44. Rc5 Bd3 1/2-1/2

[Event "TOP 16 A group"]
[Site "BELFORT"]
[Date "????.??.??"]
[Round "3.30"]
[White "Hejazipour, Mitra"]
[Black "Guerlach, Keigo"]
[Result "1/2-1/2"]
[WhiteElo "2310"]
[BlackElo "2148"]
[PlyCount "116"]
[EventDate "2025.07.??"]
[WhiteTeam "LYON"]
[BlackTeam "BOIS COLOMBES"]
[WhiteTeamCountry "FRA"]
[BlackTeamCountry "FRA"]

1. e4 e5 2. Nf3 Nf6 3. d4 Nxe4 4. dxe5 d5 5. Nbd2 Nxd2 6. Bxd2 Be7 7. Bd3 O-O
8. c3 c5 9. Qc2 h6 10. h3 Nc6 11. O-O Be6 12. Rae1 Rb8 13. Bf4 Qd7 14. Qd2 Rbd8
15. Bxh6 Bxh3 16. Bf4 Bf5 17. Qc2 Bxd3 18. Qxd3 Qg4 19. g3 g5 20. Bc1 Kg7 21.
Kg2 Rh8 22. Rh1 Rxh1 23. Rxh1 Qe4 24. Qxe4 dxe4 25. Nxg5 Bxg5 26. Bxg5 Re8 27.
Bf6+ Kg6 28. Rd1 Nxe5 29. Bxe5 Rxe5 30. Rd7 b6 31. Rxa7 e3 32. fxe3 Rxe3 33.
Kh3 Re2 34. b3 f6 35. Ra6 Rc2 36. c4 Rb2 37. Kg4 Rf2 38. a4 f5+ 39. Kh3 Kg5 40.
Rxb6 Rf3 41. Rb5 f4 42. Rxc5+ Kf6 43. Kg4 Rxg3+ 44. Kxf4 Rxb3 45. a5 Ke6 46.
Ke4 Kd6 47. Kd4 Ra3 48. Rh5 Kc7 49. Rh7+ Kc8 50. Rh5 Kc7 51. Rg5 Kc8 52. Rb5
Kc7 53. Kc5 Ra4 54. Kd5 Ra1 55. Kd4 Ra3 56. Rc5+ Kd6 57. Rh5 Kc7 58. Rh1 Kd6
1/2-1/2